[Event "ODEM U25 2010"]
[Site "Oberhof GER"]
[Date "2010.05.24"]
[Round "3"]
[White "Hartewig, Philipp"]
[Black "Bischoff, Nico"]
[Result "1-0"]
[Termination "normal"]
[Board "27"]
[WhiteElo "1650"]
[BlackElo "1518"]
[PlyCount "107"]
[WhiteFideId "1270639"]
[BlackFideId "24661007"]
[EventCountry "GER"]
[EventRounds "9"]
[EventType "swiss"]
[EventDate "2010.05.22"]

1. d4 d5 2. c4 c6 3. Nf3 Nf6 4. Nc3 e6 5. cxd5 exd5 6. Bg5 Be7 7. e3 Bg4 8. Bd3
Nbd7 9. h3 Bh5 10. g4 Bg6 11. Nh4 Ne4 12. Bxe7 Qxe7 13. Nxg6 fxg6 14. Bxe4 dxe4
15. Qc2 Nf6 16. g5 Nd5 17. Qxe4 O-O-O 18. Qxe7 Nxe7 19. Ke2 Rhe8 20. Rad1 Nf5
21. d5 cxd5 22. Rxd5 Rxd5 23. Nxd5 Nd4+ 24. Kd3 Nf3 25. h4 Rd8 26. e4 Ne5+ 27.
Kd4 Nc6+ 28. Ke3 Ne5 29. Rc1+ Kb8 30. f4 Nc6 31. a3 Rd7 32. Rc4 Nd8 33. b4 Ne6
34. a4 a6 35. a5 Rd8 36. Nb6 Nc7 37. Rd4 Ne6 38. Rxd8+ Nxd8 39. Kd4 Nc6+ 40.
Kc5 Kc7 41. Nd5+ Kd7 42. Kb6 Kc8 43. b5 axb5 44. Kxb5 Nd4+ 45. Kb6 Ne6 46. Ne7+
Kb8 47. Nd5 Kc8 48. f5 gxf5 49. exf5 Nf8 50. f6 gxf6 51. Nxf6 Kb8 52. h5 Kc8
53. Nxh7 Nxh7 54. g6 1-0

[Event "ODEM U25 2010"]
[Site "Oberhof GER"]
[Date "2010.05.24"]
[Round "3"]
[White "Arsen, Abrahamyan"]
[Black "Geldner, Gerrit"]
[Result "1/2-1/2"]
[Termination "normal"]
[Board "28"]
[WhiteElo "1664"]
[BlackElo "1594"]
[PlyCount "122"]
[BlackFideId "24678929"]
[EventCountry "GER"]
[EventRounds "9"]
[EventType "swiss"]
[EventDate "2010.05.22"]

1. e4 c5 2. Nf3 Nc6 3. d4 cxd4 4. Nxd4 e5 5. Nb5 d6 6. N1c3 a6 7. Na3 b5 8. Nd5
Nce7 9. c4 Nxd5 10. cxd5 Qh4 11. Bd3 Nf6 12. Qe2 Bg4 13. Qe3 h6 14. h3 Bd7 15.
Bd2 Nh5 16. g3 Qd8 17. Rc1 Be7 18. Qe2 Nf6 19. Nc2 O-O 20. Ne3 Rc8 21. h4 Rxc1+
22. Bxc1 Qa5+ 23. Qd2 Qxa2 24. O-O Qa4 25. b4 a5 26. Bb2 Qxb4 27. Bc3 Qc5 28.
Bxa5 Rc8 29. Rb1 Qd4 30. f3 Nh5 31. Kg2 Bxh4 32. Rh1 Bg5 33. Rxh5 Bxe3 34. Qe2
Rb8 35. Bc7 Rb7 36. Bxd6 f6 37. Ba3 Qa7 38. Bb2 Bd4 39. Rh1 b4 40. Bc4 b3 41.
Ra1 Qc5 42. Rc1 Bxb2 43. Qxb2 Qb4 44. Ba6 Ra7 45. Ra1 Bb5 46. Bxb5 Rxa1 47.
Qxa1 Qxb5 48. d6 Qd7 49. Qc3 Qxd6 50. Qxb3+ Kh7 51. Qc2 h5 52. f4 Kh6 53. f5
Qd4 54. Kf3 g6 55. fxg6 Kxg6 56. Qb3 Qd7 57. Qg8+ Qg7 58. Qe6 Kh6 59. Qf5 Qg5
60. Qc8 Qg6 61. Qh3 Qg4+ 1/2-1/2

[Event "ODEM U25 2010"]
[Site "Oberhof GER"]
[Date "2010.05.24"]
[Round "3"]
[White "Leddin, Mathias"]
[Black "Grötzbach, Daniel"]
[Result "1/2-1/2"]
[Termination "normal"]
[Board "29"]
[WhiteElo "1672"]
[BlackElo "1798"]
[PlyCount "38"]
[WhiteFideId "4654684"]
[BlackFideId "24692166"]
[EventCountry "GER"]
[EventRounds "9"]
[EventType "swiss"]
[EventDate "2010.05.22"]

1. e4 c5 2. Nf3 d6 3. d4 cxd4 4. Nxd4 Nf6 5. Nc3 a6 6. Be2 e6 7. O-O Be7 8. Be3
O-O 9. Qe1 Nc6 10. Nb3 b5 11. f3 Bb7 12. a3 Qc7 13. Qf2 Rac8 14. Bb6 Qb8 15.
Rfd1 Nd7 16. Be3 Nce5 17. Rab1 Nf6 18. Rd2 Ned7 19. Rbd1 Qc7 1/2-1/2

[Event "ODEM U25 2010"]
[Site "Oberhof GER"]
[Date "2010.05.24"]
[Round "3"]
[White "Siegl, Pascal"]
[Black "Bauch, Florian"]
[Result "1-0"]
[Termination "normal"]
[Board "30"]
[WhiteElo "1595"]
[BlackElo "1251"]
[PlyCount "49"]
[WhiteFideId "24657069"]
[EventCountry "GER"]
[EventRounds "9"]
[EventType "swiss"]
[EventDate "2010.05.22"]

1. e4 e5 2. Nf3 Nf6 3. Nc3 Bb4 4. Bc4 Nc6 5. a3 Bxc3 6. dxc3 O-O 7. Bg5 h6 8.
Bh4 d6 9. Qd3 Qe7 10. Nd2 Be6 11. f3 Rfd8 12. O-O-O a6 13. g4 g5 14. Bg3 d5 15.
exd5 Nxd5 16. Qe2 Nxc3 17. bxc3 Qxa3+ 18. Kb1 Qxc3 19. Bxe6 fxe6 20. Nb3 Nd4
21. Rxd4 exd4 22. Qxe6+ Kf8 23. Qxh6+ Ke8 24. Re1+ Kd7 25. Qe6# 1-0

[Event "ODEM U25 2010"]
[Site "Oberhof GER"]
[Date "2010.05.24"]
[Round "3"]
[White "Bingert, Tim Niklas"]
[Black "Hefner, Felix"]
[Result "1-0"]
[Termination "normal"]
[Board "31"]
[WhiteElo "1411"]
[BlackElo "1597"]
[PlyCount "75"]
[WhiteFideId "12917907"]
[BlackFideId "12910651"]
[EventCountry "GER"]
[EventRounds "9"]
[EventType "swiss"]
[EventDate "2010.05.22"]

1. e4 e5 2. Nf3 Nf6 3. Nc3 d6 4. d4 Nbd7 5. Bc4 Be7 6. Ng5 O-O 7. Bxf7+ Rxf7 8.
Ne6 Qe8 9. Nxc7 Qd8 10. Nxa8 b6 11. O-O Ba6 12. Re1 Qxa8 13. d5 Qf8 14. Be3 Nc5
15. f3 Nfd7 16. b4 Nxe4 17. Nxe4 Bh4 18. Bf2 Be7 19. Qd2 h6 20. a4 Kh8 21. a5
Bc4 22. axb6 axb6 23. Ra7 Qd8 24. Qc3 b5 25. Qa3 Bxd5 26. Rd1 Bc6 27. Nxd6 Rf8
28. Qa6 Bxd6 29. Qxc6 Qg5 30. Rxd7 Bxb4 31. Qxb5 Bc3 32. Qd3 Ba5 33. Qe4 h5 34.
c4 Rc8 35. c5 Bc7 36. Qb7 Rd8 37. Qxc7 Rxd7 38. Qxd7 1-0

[Event "ODEM U25 2010"]
[Site "Oberhof GER"]
[Date "2010.05.24"]
[Round "3"]
[White "Heinz, Maria"]
[Black "Celmer, Ole"]
[Result "0-1"]
[Termination "normal"]
[Board "32"]
[WhiteElo "1203"]
[BlackElo "1671"]
[PlyCount "90"]
[BlackFideId "24657107"]
[EventCountry "GER"]
[EventRounds "9"]
[EventType "swiss"]
[EventDate "2010.05.22"]

1. e4 e5 2. Nf3 Nc6 3. Bb5 a6 4. Ba4 Nf6 5. d3 b5 6. Bb3 Be7 7. O-O d6 8. Nc3
O-O 9. Nd5 Na5 10. Nxf6+ Bxf6 11. c3 Nxb3 12. Qxb3 Be6 13. Qc2 c5 14. Be3 Rc8
15. a3 d5 16. exd5 Bxd5 17. Nd2 c4 18. dxc4 Bxc4 19. Nxc4 Rxc4 20. Rad1 Qc7 21.
g3 a5 22. Qe2 Qc6 23. f3 b4 24. cxb4 axb4 25. a4 b3 26. Rc1 Rxc1 27. Rxc1 Qxa4
28. Rb1 h6 29. Bd2 Re8 30. Bc3 Qc6 31. Rf1 e4 32. Bxf6 Qxf6 33. fxe4 Qd4+ 34.
Qf2 Qxf2+ 35. Rxf2 Rxe4 36. Kg2 Rc4 37. Kf3 Kf8 38. Ke3 Ke7 39. Kd3 Rc5 40.
Re2+ Kd6 41. Rd2 Kc6 42. Ke2 Kb5 43. Kd3 Rd5+ 44. Kc3 Rxd2 45. Kxd2 Kc4 0-1

[Event "ODEM U25 2010"]
[Site "Oberhof GER"]
[Date "2010.05.24"]
[Round "3"]
[White "Alt, Elisabeth"]
[Black "Luther, Alexander"]
[Result "0-1"]
[Termination "normal"]
[Board "33"]
[WhiteElo "1362"]
[BlackElo "1944"]
[PlyCount "102"]
[WhiteFideId "24692620"]
[BlackFideId "24682616"]
[EventCountry "GER"]
[EventRounds "9"]
[EventType "swiss"]
[EventDate "2010.05.22"]

1. e4 c5 2. d4 cxd4 3. c3 dxc3 4. Nxc3 Nc6 5. Nf3 d6 6. Bc4 e6 7. O-O Nf6 8.
Qe2 Be7 9. Rd1 e5 10. Bb5 O-O 11. Bxc6 bxc6 12. Nxe5 Qc7 13. Nf3 Bg4 14. Bf4
Rfe8 15. Rac1 Rad8 16. h3 Bxf3 17. Qxf3 Qb6 18. Qe2 h6 19. e5 dxe5 20. Bxe5 Nd7
21. Bd4 Bc5 22. Bxc5 Nxc5 23. Qc4 Rxd1+ 24. Nxd1 Re1+ 25. Kh2 Ne4 26. Qc2 Nxf2
27. Nxf2 Rxc1 28. Qxc1 Qxf2 29. Qxc6 Qxb2 30. Qa4 Qb8+ 31. Kg1 Qb6+ 32. Kh2 g6
33. Qe8+ Kg7 34. a4 Qe6 35. Qb8 a6 36. a5 Kf6 37. Qf4+ Kg7 38. Qb8 g5 39. Qc7
Qf6 40. Kg1 Qd4+ 41. Kh2 Qf4+ 42. Qxf4 gxf4 43. g3 fxg3+ 44. Kxg3 Kg6 45. Kg4
h5+ 46. Kf4 f5 47. h4 Kf6 48. Kf3 Ke5 49. Ke3 f4+ 50. Kf3 Kf5 51. Ke2 Kg4 0-1

[Event "ODEM U25 2010"]
[Site "Oberhof GER"]
[Date "2010.05.24"]
[Round "3"]
[White "Eggert, André"]
[Black "Jorczik, Andreas Carlos"]
[Result "1/2-1/2"]
[Termination "normal"]
[Board "34"]
[WhiteElo "1300"]
[BlackElo "1779"]
[PlyCount "70"]
[WhiteFideId "1270464"]
[BlackFideId "24634921"]
[EventCountry "GER"]
[EventRounds "9"]
[EventType "swiss"]
[EventDate "2010.05.22"]

1. c4 Nf6 2. Nc3 e6 3. e3 c5 4. g3 d5 5. cxd5 exd5 6. d4 Nc6 7. Nge2 Bf5 8. Bg2
Nb4 9. O-O Qd7 10. a3 Nc2 11. Ra2 b5 12. dxc5 b4 13. axb4 Nxb4 14. Ra5 Rc8 15.
Nf4 Bc2 16. Qd2 Bb3 17. Bh3 Qc7 18. Rxa7 Qxa7 19. Bxc8 Qxc5 20. Bh3 Bd6 21. Re1
O-O 22. Bg2 Rc8 23. Bf1 Be5 24. Nfe2 Nc2 25. Rd1 Nb4 26. Re1 Rd8 27. Nd4 Bc4
28. Rd1 h5 29. Bxc4 dxc4 30. Nce2 Ne4 31. Qe1 Nd3 32. Qf1 Nexf2 33. Rd2 Qd5 34.
Qg2 Qxg2+ 35. Kxg2 Ng4 1/2-1/2

[Event "ODEM U25 2010"]
[Site "Oberhof GER"]
[Date "2010.05.24"]
[Round "3"]
[White "Kirn, Philipp Sebastian"]
[Black "Rosenberger, Andreas"]
[Result "1-0"]
[Termination "normal"]
[Board "35"]
[WhiteElo "1099"]
[BlackElo "1441"]
[PlyCount "79"]
[BlackFideId "12900192"]
[EventCountry "GER"]
[EventRounds "9"]
[EventType "swiss"]
[EventDate "2010.05.22"]

1. d4 Nf6 2. c4 g6 3. Nc3 Bg7 4. e4 d6 5. Bf4 O-O 6. Qd2 Nc6 7. d5 Nb8 8. Bh6
Nbd7 9. h4 c5 10. h5 Ne5 11. Bxg7 Kxg7 12. hxg6 fxg6 13. Qh6+ Kf7 14. Be2 Ke8
15. f4 Neg4 16. Bxg4 Nxg4 17. Qxh7 Rxf4 18. Qxg6+ Kd7 19. Nh3 Ne5 20. Qe6+ Kc7
21. Nxf4 Nd3+ 22. Kd2 Nxf4 23. Qh6 e5 24. g3 Nh3 25. Nb5+ Kb6 26. Nxd6 Qg5+ 27.
Qxg5 Nxg5 28. Rh6 Ka5 29. a3 Nf3+ 30. Ke3 Nd4 31. b4+ Ka4 32. Ra2 cxb4 33.
axb4+ Kb3 34. Rd2 Nc2+ 35. Rxc2 Kxc2 36. Rh8 Kc3 37. Rxc8 Rxc8 38. Nxc8 Kxc4
39. Nxa7 Kxb4 40. d6 1-0